000 00702nam a2200301Ia 4500
005 20260401122414.0
008 008 250103s9999 xx 000 0 eng d
020 _a8178241641
037 _aTB
040 _aEDL
040 _beng
040 _cEDL
041 _2eng
041 _aeng
084 _a320.53 GAN
084 _qEDL
100 _aGandhi, Leela
_91233219
245 0 _aAffective Communities: Anticolonial thought and the politics of friendship
245 0 _cGandhi, Leela
260 _aNew Delhi
260 _bPermanent Black
260 _c2006
300 _a254p
942 _cTB
942 _h320.53 GAN
999 _c1847061
_d1847061